000 00500nam a2200181Ia 4500
005 20230225112315.0
008 131103s9999 xx 000 0 und d
040 _aLoreto College
041 _aEnglish
082 _a821.08
_bNOT
245 _aNew poems 1957
_cEdited by Kathleen Nott, C.Day Lewis and Thomas Blackburn
260 _aLondon
_bMichael Joseph
_c1957
300 _a140p.
650 _aEnglish poetry - Collections
700 _aNott, Kathleen; ed.
850 _aLCLIB
942 _cBK
999 _c20872
_d71351